è più distante di Bolzano-Lampedusa? - Statistics

Statistiche generali
  • Questo quiz è stato fatto 56 volte
  • Il punteggio medio è 2 su 16
Answers on the Grid
Answers color-coded by a green-red scale on the quiz's grid according to % correct below.
Addis Abeba-Riyad
Ankara-Il Cairo
Auckland-Sydney
Belgrado-Berlino
Brisbane-Melbourne
Buenos Aires-San Paolo
Caracas-Bogotà
Dubai-Bagdad
Dublino-Reykjavik
Il Cairo-Atene
Istanbul-Baku
La Paz-Lima
Lisbona-Lione
Londra-Bologna
Madrid-Monaco di Baviera
Miami-NewYork
Milano-Kiev
Mosca-Berlino
Parigi-Roma
San Franciso-Seattle
Seoul-Tokyo
Shangai-Manila
Singapore-Bangkok
Siracusa-Algeri
Stoccolma-Praga
Taipei-Pechino
Teheran-Gerusalemme
Tirana-Nizza
Toronto-Atlanta
Tripoli-Algeri
Tunisi-Zurigo
Valencia-Roma
 
Statistiche sulle risposte
Risposta % Corretto
Addis Abeba-Riyad
30%
Auckland-Sydney
30%
Milano-Kiev
24%
Buenos Aires-San Paolo
18%
Madrid-Monaco di Baviera
18%
Miami-NewYork
18%
Dublino-Reykjavik
15%
Mosca-Berlino
15%
Lisbona-Lione
12%
Brisbane-Melbourne
9%
Shangai-Manila
6%
Dubai-Bagdad
3%
Istanbul-Baku
3%
Taipei-Pechino
3%
Teheran-Gerusalemme
3%
Singapore-Bangkok
0%
Nessun quiz corrispondente trovato
Distribuzione punteggi
Percentuale di utenti per punteggio
Percentile per numero di risposta
I tuoi punteggi nel tempo
Non hai fatto questo quiz